Normal view
MARC view
- Toldra,Fidel
Entry Personal Name
001 - CONTROL NUMBER
- control field: 978
003 - CONTROL NUMBER IDENTIFIER
- control field: OSt
005 - DATE AND TIME OF LATEST TRANSACTION
- control field: 20160716152257.0
008 - FIXED-LENGTH DATA ELEMENTS
- fixed length control field: 160716|| aca||aabn | a|a d
040 ## - CATALOGING SOURCE
- Original cataloging agency: OSt
- Transcribing agency: OSt
100 ## - HEADING--PERSONAL NAME
- Personal name: Toldra,Fidel
670 ## - SOURCE DATA FOUND
- Source citation: Work cat.: (OSt): Advanced Technologies for Meat Processing, 2006
